000
00175 a2200097 4500
001
47527
100
_a
245
_a
260
_a
London
_b
Collins
_c
090
_c
30546
_d
30546
942
_a
NUST-CAE
_c
_c
22832
999
_c
282600
_d
282600